Drugie miejsca na mistrzostwach świata - Statystyki

Ogólne statystyki
  • Ten quiz został rozwiązany 70 razy
  • Średni wynik to 20 z 22
Statystyki odpowiedzi
Rok Kraj % Poprawnych
2006 Francja
100%
2022 Francja
100%
1966 Niemcy
100%
1982 Niemcy
100%
1986 Niemcy
100%
2002 Niemcy
100%
1930 Argentyna
99%
1990 Argentyna
99%
2014 Argentyna
99%
1950 Brazylia
97%
1998 Brazylia
97%
2018 Chorwacja
97%
1974 Holandia
94%
1978 Holandia
94%
2010 Holandia
94%
1970 Włochy
88%
1994 Włochy
88%
1958 Szwecja
78%
1938 Węgry
69%
1954 Węgry
69%
1934 Czechosłowacja
64%
1962 Czechosłowacja
64%
Nie znaleziono quizów pasujących do podanych kryteriów
Rozkład punktacji
Procent ludzi z każdym wynikiem
Percentyl według liczby udzielonych odpowiedzi
Twoja historia wyników
Nie rozwiązałeś tego quizu